| 000 | 01206njm a22002897a 4500 | ||
|---|---|---|---|
| 005 | 20100909110752.0 | ||
| 007 | sd ammalaaahaa | ||
| 008 | 100907t xxu||||| |||| 00| 0 eng d | ||
| 028 |
_aN. 7030 _bHis Master's Voice |
||
| 035 | _aGR-02447 | ||
| 040 | _aSED/VEN | ||
| 100 |
_aKishor Kumar and Chorus _918700 |
||
| 245 |
_aAbhi to jee le / _cby Kishor Kumar and Chorus;music by Sapan Jagmohan; lyrics naqsh Lallpuri |
||
| 246 | _aअभी तो जी ले /किशोर कुमार एंड चोरुस द्वारा | ||
| 260 |
_aHisMaster's Voice _bodeon |
||
| 300 |
_a1 Sound Disc [Gramophone Record] : _banalog.45 rpm _c7.5 in (SP) _fGramophone Record |
||
| 500 | _aBrief Record | ||
| 505 | _aSide 1-अभी तो जी ले (Abhi to jee le)(Kishor kumar and Chorus)--Side-२ जब राम नाम ले ले (Jab raam naam le le)(Kishor kumar and Chorus) | ||
| 650 |
_aClassical Music _xExcerpts _zIndia _918707 |
||
| 700 |
_918701 _aJagmohan, Sapan |
||
| 700 |
_918729 _aIndiwar |
||
| 700 | _919930 | ||
| 700 | _918702 | ||
| 700 | _919401 | ||
| 942 |
_2ddc _cGR |
||
| 999 |
_c45745 _d45745 |
||